|
|
|
|
| LEADER |
00956cam a2200241 4500 |
| 008 |
850802m19781949xxka 000 0 eng d |
| 020 |
|
|
|a 0192545051
|
| 035 |
|
|
|a (CStRLIN)NYCG85-B75894
|
| 035 |
|
|
|a (NNC)373554
|
| 035 |
|
|
|a (OCoLC)6098448
|
| 035 |
|
|
|a (OCoLC)ocm06098448
|
| 090 |
|
|
|a PR4567
|b .A1 1949b
|
| 100 |
1 |
|
|a Dickens, Charles,
|
| 240 |
1 |
0 |
|a Oliver Twist
|
| 245 |
1 |
4 |
|a The adventures of Oliver Twist
|c by Charles Dickens ; with twenty-four ill. by George Cruikshank ; and an introd. by Humphry House.
|
| 260 |
|
|
|a Oxford :
|b Oxford University Press,
|c 1949, 1978 printing.
|
| 300 |
|
|
|a xxvi, 415 p., [24] leaves of plates :
|b ill. ;
|c 19 cm.
|
| 490 |
1 |
|
|a The Oxford illustrated Dickens
|
| 830 |
|
0 |
|a Oxford illustrated Dickens.
|
| 900 |
|
|
|a AUTH
|
| 942 |
|
|
|2 ddc
|c BK
|
| 999 |
|
|
|c 190541
|d 190541
|
| 952 |
|
|
|0 0
|1 0
|4 0
|6 823_800000000000000_DIC_A
|7 0
|9 210089
|a ENG
|b ENG
|c ST1
|d 2015-06-11
|i 7197
|l 3
|m 2
|o 823.8 DIC/A
|p ENG7197
|r 2021-03-17
|s 2021-02-20
|w 2015-06-11
|y BK
|